000 00347nam a22001337a 4500
008 170822b xxu||||| |||| 00| 0 eng d
020 _a9780521445900
041 _aeng
080 _a51
100 _a38
101 _aMAT
245 _aREPRESENTATION AND CHARACTERS OF GROUPS CAMBRIDGE MATHEMATICAL TEXTBOOK
_cJAMES,G
942 _2udc
_cBK
999 _c24542
_d24542